000 00326nam a2200133 i 4500
001 bg
100 1 _aZABIELSKI, Leonard
245 0 _aProgramowanie w systemie cyfrowym Cyber 70 /
_cL. Zabielski.
260 _aWarszawa,
_c1979.
040 _cBPK
041 _apol
942 _cKS
008 s pl f |000 0 pol
999 _c18857
_d18857
856 _uhttp://koha.tu.koszalin.pl/cgi-bin/koha/opac-detail.pl?biblionumber=18857
_yKatalog online BPK